[Event "Belgrade-chT2 Quality"]
[Site "Belgrade"]
[Date "2022.11.06"]
[Round "9.5"]
[White "Milentijevic, Vojislav"]
[Black "Stefanovic, Ivo"]
[Result "1-0"]
[WhiteElo "1972"]
[BlackElo "1943"]
[PlyCount "87"]
[EventDate "2022.10.15"]
[EventType "team-tourn"]
[EventRounds "13"]
[EventCountry "SRB"]
[SourceTitle "EXT 2024"]
[Source "ChessBase"]
[SourceDate "2023.10.10"]
[SourceVersion "1"]
[SourceVersionDate "2023.10.10"]
[SourceQuality "1"]
[WhiteTeam "Novi Belgrade Technicka"]
[BlackTeam "Sremcica"]
[WhiteTeamCountry "SRB"]
[BlackTeamCountry "SRB"]

1. e4 c5 2. Nf3 e6 3. Nc3 a6 4. g3 d6 5. d4 cxd4 6. Nxd4 Nf6 7. Bg2 Be7 8. Be3 0-0 9. g4 Nc6 10. g5 Nd7 11. h4 Nde5 12. Qe2 Nxd4 13. Bxd4 Qc7 14. 0-0-0 Bd7 15. f4 Nc6 16. Bxg7 Kxg7 17. Qh5 Rh8 18. f5 Kg8 19. Bh3 Bf8 20. Rdf1 Ne5 21. Rhg1 Bg7 22. Qe2 b5 23. f6 Bf8 24. Kb1 Be8 25. Nd1 Rc8 26. Ne3 Qc5 27. Ng4 Nxg4 28. Rxg4 Qe5 29. Qg2 Rc7 30. h5 d5 31. g6 hxg6 32. hxg6 Bh6 33. gxf7+ Kxf7 34. exd5 exd5 35. Rg7+ Kf8 36. Rxc7 Qxc7 37. Qxd5 Bf4 38. Be6 Bc6 39. Qf5 Qe5 40. Qg6 Qxe6 41. Qg7+ Ke8 42. Qxh8+ Kd7 43. Qg7+ Kd6 44. f7 1-0

[Event "Belgrade-chT2 Quality"]
[Site "Belgrade"]
[Date "2022.10.30"]
[Round "7.6"]
[White "Savic, Dusan"]
[Black "Milentijevic, Vojislav"]
[Result "1/2-1/2"]
[WhiteElo "1325"]
[BlackElo "1972"]
[PlyCount "41"]
[EventDate "2022.10.15"]
[EventType "team-tourn"]
[EventRounds "13"]
[EventCountry "SRB"]
[SourceTitle "EXT 2024"]
[Source "ChessBase"]
[SourceDate "2023.10.10"]
[SourceVersion "1"]
[SourceVersionDate "2023.10.10"]
[SourceQuality "1"]
[WhiteTeam "Zemun"]
[BlackTeam "Novi Belgrade Technicka"]
[WhiteTeamCountry "SRB"]
[BlackTeamCountry "SRB"]

1. e4 e5 2. Nf3 Bc5 3. Bc4 Nc6 4. c3 Nf6 5. d4 exd4 6. e5 d5 7. Bb5 Ne4 8. cxd4 Bb4+ 9. Bd2 Nxd2 10. Nbxd2 0-0 11. 0-0 Bxd2 12. Qxd2 Ne7 13. h3 f6 14. Rfe1 fxe5 15. Nxe5 Bf5 16. Bd3 Qd6 17. Re2 Nc6 18. Bxf5 Rxf5 19. Rae1 Raf8 20. Nf3 Qf4 21. Re3 1/2-1/2

[Event "Belgrade-chT2 Quality"]
[Site "Belgrade"]
[Date "2022.10.15"]
[Round "1.4"]
[White "Dorcic, Igor"]
[Black "Milentijevic, Vojislav"]
[Result "1-0"]
[WhiteElo "1987"]
[BlackElo "1972"]
[PlyCount "132"]
[EventDate "2022.10.15"]
[EventType "team-tourn"]
[EventRounds "13"]
[EventCountry "SRB"]
[SourceTitle "EXT 2024"]
[Source "ChessBase"]
[SourceDate "2023.10.10"]
[SourceVersion "1"]
[SourceVersionDate "2023.10.10"]
[SourceQuality "1"]
[WhiteTeam "Belgrade BASK"]
[BlackTeam "Novi Belgrade Technicka"]
[WhiteTeamCountry "SRB"]
[BlackTeamCountry "SRB"]

1. d4 Nf6 2. c4 e6 3. Nc3 Bb4 4. f3 c5 5. d5 d6 6. e4 exd5 7. cxd5 a6 8. Bg5 Nbd7 9. Nge2 0-0 10. Nc1 Re8 11. Be2 c4 12. 0-0 Bc5+ 13. Kh1 b5 14. a3 h6 15. Bh4 Qb6 16. b3 Bd4 17. N1a2 cxb3 18. Qxb3 Nc5 19. Qc2 g5 20. Bg3 Nh5 21. Rab1 Nxg3+ 22. hxg3 Qa5 23. Rb4 Bg7 24. a4 Bxc3 25. Qxc3 Nxa4 26. Qf6 Nc5 27. Rb2 Qd8 28. Qxh6 Qe7 29. Rc2 Qe5 30. Kh2 Re7 31. Nb4 Bd7 32. f4 Qh8 33. Qxh8+ Kxh8 34. e5 Rae8 35. Bf3 g4 36. exd6 Re3 37. Rxc5 gxf3 38. Rxf3 Rxf3 39. gxf3 a5 40. Nc6 Re2+ 41. Kg1 a4 42. Rxb5 a3 43. Ra5 a2 44. Ne5 Bb5 45. d7 Bxd7 46. Nxd7 Re1+ 47. Kf2 a1Q 48. Rxa1 Rxa1 49. Ke3 Re1+ 50. Kd4 Rf1 51. d6 Kg7 52. Ne5 Kf6 53. d7 Ke7 54. d8Q+ Kxd8 55. Nxf7+ Ke7 56. Ne5 Ke6 57. Ke3 Ra1 58. g4 Ra4 59. Nd3 Kf6 60. Nc5 Rc4 61. Ne4+ Kg6 62. f5+ Kg7 63. Kf4 Ra4 64. Kg5 Ra6 65. f4 Ra5 66. Ng3 Kf7 1-0

[Event "Belgrade-chT Quality"]
[Site "Belgrade"]
[Date "2012.10.28"]
[Round "6.2"]
[White "Milentijevic, Vojislav"]
[Black "Gemovic, Djordje"]
[Result "1-0"]
[WhiteElo "2068"]
[BlackElo "1722"]
[PlyCount "79"]
[EventDate "2012.10.13"]
[EventType "team-tourn"]
[EventRounds "11"]
[EventCountry "SRB"]
[SourceTitle "EXT 2019"]
[Source "ChessBase"]
[SourceDate "2018.10.10"]
[SourceVersion "1"]
[SourceVersionDate "2018.10.10"]
[SourceQuality "1"]

1. e4 e6 2. Qe2 c5 3. f4 Nc6 4. Nf3 Qc7 5. g3 d6 6. d3 Nf6 7. Bg2 Be7 8. 0-0 Bd7 9. h3 0-0 10. g4 Rac8 11. Be3 d5 12. e5 Ne8 13. c4 d4 14. Bf2 a6 15. Nbd2 b5 16. b3 Na7 17. Bg3 a5 18. f5 Qd8 19. fxe6 Bxe6 20. Ne4 bxc4 21. bxc4 Nc6 22. g5 Qd7 23. Kh2 Bf5 24. Nh4 Bxe4 25. Bxe4 Bxg5 26. Qh5 Bh6 27. Nf5 Qe6 28. Bd5 Qg6 29. Qf3 Rc7 30. Bxc6 Kh8 31. Be4 Qb6 32. Rab1 Qe6 33. Rb8 Kg8 34. Rfb1 Bg5 35. R8b6 Qc8 36. Qh5 h6 37. Qg4 g6 38. h4 gxf5 39. Bxf5 Qd8 40. hxg5 1-0

[Event "Belgrade-chT Quality"]
[Site "Belgrade"]
[Date "2012.10.20"]
[Round "3"]
[White "Poleksic, Dusan"]
[Black "Milentijevic, Vojislav"]
[Result "0-1"]
[WhiteElo "1829"]
[BlackElo "2068"]
[PlyCount "92"]
[EventDate "2012.10.13"]
[EventType "team-tourn"]
[EventRounds "11"]
[EventCountry "SRB"]
[SourceTitle "EXT 2019"]
[Source "ChessBase"]
[SourceDate "2018.10.10"]
[SourceVersion "1"]
[SourceVersionDate "2018.10.10"]
[SourceQuality "1"]

1. d4 Nf6 2. c4 g6 3. Nc3 Bg7 4. e4 d6 5. Nf3 0-0 6. Be2 e5 7. 0-0 Nc6 8. d5 Ne7 9. Ne1 Ne8 10. Be3 f5 11. f3 f4 12. Bf2 g5 13. c5 h5 14. Rc1 Bh6 15. Qc2 Rf7 16. Nb5 Ng6 17. cxd6 cxd6 18. Nxa7 Bd7 19. Bb5 g4 20. Bxd7 Rxd7 21. Kh1 g3 22. Bg1 gxh2 23. Bf2 Qa5 24. Nd3 Rxa7 25. Qc8 Re7 26. Bxa7 Qxa7 27. Qf5 Kg7 28. Qxh5 Qxa2 29. Rc8 Qa4 30. Nf2 Nf6 31. Qh3 Qd7 32. Rfc1 Qxh3 33. Nxh3 Ne8 34. R1c3 Kf8 35. Rb3 Rg7 36. Rb8 Nh4 37. R3xb7 Rxg2 38. Rh7 Rg3 39. Rh8+ Kf7 40. Rb7+ Kg6 41. Rxe8 Kh5 42. Rf7 Nxf3 43. Rf5+ Kh4 44. Rg5 Kxh3 45. Rh5+ Kg4 46. Rg8+ Kxh5 0-1

[Event "Belgrade-chT Quality"]
[Site "Belgrade"]
[Date "2008.11.04"]
[Round "4"]
[White "Petrovic, Zoran Z"]
[Black "Milentijevic, Vojislav"]
[Result "1/2-1/2"]
[WhiteElo "2149"]
[BlackElo "2109"]
[PlyCount "62"]
[EventDate "2008.11.01"]
[EventType "team-swiss"]
[EventRounds "11"]
[EventCountry "YUG"]
[SourceTitle "CBM 127 Extra"]
[Source "ChessBase"]
[SourceDate "2009.01.08"]
[SourceVersion "2"]
[SourceVersionDate "2009.01.28"]
[SourceQuality "1"]

1. Nf3 Nf6 2. g3 d5 3. Bg2 c5 4. c4 e6 5. 0-0 Nc6 6. cxd5 exd5 7. d4 h6 8. Nc3 Be7 9. Bf4 Be6 10. Rc1 cxd4 11. Nb5 Rc8 12. Nfxd4 0-0 13. Nxc6 Rxc6 14. Qd3 Qa5 15. a3 a6 16. Nd4 Rxc1 17. Rxc1 Rc8 18. Rxc8+ Bxc8 19. b4 Bxb4 20. Qc2 Bc5 21. Bd2 Qb6 22. e3 Bd7 23. Qc3 Ne4 24. Bxe4 dxe4 25. Bc1 Bh3 26. Bb2 Bxd4 27. Qxd4 Qxd4 28. Bxd4 f5 29. Bb6 Kf7 30. a4 Ke6 31. a5 g5 1/2-1/2

[Event "Belgrade tt Cup"]
[Site "Belgrade"]
[Date "2007.04.11"]
[Round "3.4"]
[White "Milentijevic, Vojislav"]
[Black "Andrejic, Vladica"]
[Result "0-1"]
[WhiteElo "2125"]
[BlackElo "2197"]
[PlyCount "55"]
[EventDate "2007.04.09"]
[EventType "team-tourn"]
[EventRounds "5"]
[EventCountry "YUG"]
[SourceTitle "EXT 2008"]
[Source "ChessBase"]
[SourceDate "2007.11.25"]
[SourceVersion "1"]
[SourceVersionDate "2007.11.25"]
[SourceQuality "1"]

1. e4 d5 2. exd5 Nf6 3. d4 Nxd5 4. c4 Nb6 5. h3 e5 6. Nf3 e4 7. Ne5 Bb4+ 8. Nc3 0-0 9. Be2 f6 10. Ng4 Be6 11. d5 Bf7 12. 0-0 Bxc3 13. bxc3 c6 14. d6 Nxc4 15. Qd4 b5 16. Bf4 Nd7 17. f3 f5 18. Bh6 Qb6 19. Bxg7 Qxd4+ 20. Bxd4 fxg4 21. fxe4 c5 22. Bf2 Be6 23. Rfd1 gxh3 24. Bh4 Ne3 25. Rd3 Nxg2 26. Rg3+ Kh8 27. Bxb5 Nxh4 28. c4 0-1

[Event "Belgrade tt Cup"]
[Site "Belgrade"]
[Date "2007.04.10"]
[Round "2.4"]
[White "Milentijevic, Vojislav"]
[Black "Jovicic, Radosav"]
[Result "0-1"]
[WhiteElo "2125"]
[BlackElo "2322"]
[PlyCount "88"]
[EventDate "2007.04.09"]
[EventType "team-tourn"]
[EventRounds "5"]
[EventCountry "YUG"]
[SourceTitle "EXT 2008"]
[Source "ChessBase"]
[SourceDate "2007.11.25"]
[SourceVersion "1"]
[SourceVersionDate "2007.11.25"]
[SourceQuality "1"]

1. e4 c5 2. Nc3 a6 3. f4 e6 4. Nf3 d5 5. d3 Nc6 6. a4 Nf6 7. e5 Ng8 8. g3 Nh6 9. Bg2 Nf5 10. 0-0 h5 11. Qe2 h4 12. g4 Nfd4 13. Nxd4 Nxd4 14. Qf2 h3 15. Bf3 Nxf3+ 16. Qxf3 g6 17. g5 Bd7 18. Nd1 Bc6 19. Nf2 Qd7 20. b3 Be7 21. Re1 Kf8 22. Nxh3 Kg7 23. Nf2 Rh4 24. Qg3 Rah8 25. h3 b5 26. axb5 axb5 27. Bb2 d4 28. Kh2 Bd8 29. Ne4 Bb6 30. Nf6 Qc8 31. Re2 Bb7 32. Ne4 Bc6 33. Nd6 Qd8 34. Ne4 Bb7 35. Ba3 Qa8 36. Bb2 Qd8 37. Nd6 Bd5 38. Ne4 Ba5 39. Nxc5 R8h5 40. Ne4 Bxe4 41. Rxe4 Qh8 42. Bxd4 Rxh3+ 43. Qxh3 Rxh3+ 44. Kg2 Rh2+ 0-1